عرض عادي
عرض مارك
- Christian women saints
مدخل مصطلح موضوعي
001 - رقم الضبط
- حقل الضبط: 7506
003 - معرف رقم الضبط
- حقل الضبط: OSt
005 - تاريخ ووقت أخر عملية
- حقل الضبط: 20111210090453.0
008 - عناصر بيانات ثابتة الطول
- حقل تحكم ثابت الطول: 111210|||a|||||| | ||| d
040 ## - مصدر الفهرسة
- هيئة الفهرسة الأصلية: OSt
- وكالة الكتابة: OSt
150 ## - مدخل-- مصطلح تاريخي
- عنصر مدخل المصطلح الموضوعي او الاسم الجغرافي: Christian women saints
- تفريع جغرافي: France
- تفريع عام: Fiction.
670 ## - بيانات المصدر موجوده
- الاستشهاد بالمصدر: Work cat.: (OSt)20620: Twain, Mark, 1835-1910., Personal recollections of Joan of Arc /, 1996.
